000
00332nam a22001457a 4500
008
210312b ||||| |||| 00| 0 eng d
020
_a
9780132994842
041
_a
eng
080
_2
11th
_a
330.101.542
082
_2
11th
_a
330.101.542
100
_a
52
101
_a
MIKRO
245
_a
Microeconomics
_c
Parkin,M
942
_2
udc
_c
BK
999
_c
56555
_d
56555